Instituciones políticas
Kaydedildi:
| Yazar: | |
|---|---|
| Materyal Türü: | Kitap |
| Dil: | İspanyolca |
| Baskı/Yayın Bilgisi: |
Santiago
Legal Publishing
2009
|
| Edisyon: | 14a. ed |
| Konular: | |
| Etiketler: |
Etiketle
Etiket eklenmemiş, İlk siz ekleyin!
|
MARC
| LEADER | 00000nam a2200000 a 4500 | ||
|---|---|---|---|
| 001 | UCH9013 | ||
| 003 | CL-VaPUC | ||
| 008 | 091217e20090000CL |||||||||||||||||spa|d | ||
| 020 | |a 9789562387460 | ||
| 082 | 0 | 4 | |a 320.983 |b MOL |2 21 |
| 100 | |a Molina Guaita, Hernán |e autor |9 618323 | ||
| 245 | 1 | 0 | |a Instituciones políticas |
| 250 | |a 14a. ed | ||
| 300 | |a 387 p | ||
| 942 | |c BK | ||
| 945 | |d 20091217 00:00:00 |a dcastane | ||
| 260 | |a Santiago |b Legal Publishing |c 2009 | ||
| 650 | 0 | |a Instituciones políticas |9 255506 | |
| 650 | 0 | |a Política y gobierno |9 255151 | |
| 650 | 0 | |a Instituciones sociales |9 329915 | |
| 650 | 0 | |a Derecho político |9 257756 | |
| 650 | 7 | |a TEORIA POLITICA |2 CL-VaPUC |9 545817 | |
| 650 | 7 | |a FORMAS DE ESTADO |2 CL-VaPUC |9 257793 | |
| 650 | 0 | |a Poder político |9 255509 | |
| 650 | 0 | |a Estado de derecho |9 257795 | |
| 583 | |a last modification |c 20091217 00:00:00 |k Rodrigo Vera | ||
| 999 | |c 339092 |d 339090 | ||
| 952 | |0 0 |1 0 |4 0 |6 320_983000000000000_MOL_2009 |7 0 |8 A |9 432483 |a BIBDER |b BIBDER |d 2019-11-22 |i 4626508 |o 320.983 MOL 2009 |p 4626508 |r 2023-01-25 |w 2019-11-22 |y BK |k DER | ||